| 000 | 00671nam a22002177a 4500 | ||
|---|---|---|---|
| 001 | 0002123 | ||
| 003 | DO-SdBNP | ||
| 005 | 20180320100923.0 | ||
| 007 | 0002123 | ||
| 008 | 160404b 1993 dr |||| |||| 00| 0 spa d | ||
| 040 |
_6BPMSU _8spa _aBPMSU _cdr |
||
| 100 | _4Portorreal Morel, Mayra | ||
| 245 |
_aManual de prácticas de química organica / _cMayra Portorreal Morel |
||
| 260 |
_aSanto Domingo : _bUNIBE _c1993 |
||
| 300 |
_a42 p. ; _bil., _c28 cm. |
||
| 490 |
_aTexttos universitarios _v4 |
||
| 710 | _4Universidad Iberoamericana (República Dominicana) | ||
| 830 |
_pTexttos universitarios _v4 |
||
| 942 |
_2ddc _cBK |
||
| 956 |
_2VMATEO _310 _620160404 _8BPMSU _a0069 |
||
| 999 |
_c9529 _d9529 |
||